Statistics for Guardians of the Galaxy

Click here to take the quiz!

General Stats

  • This quiz has been taken 8,315 times
    (8,293 since last reset)
  • The average score is 8 of 10

Answer Stats

Answer% Correct
Groot
96%
Star Lord
92%
Chris Pratt
91%
Rocket
89%
Vin Diesel
82%
Gamora
81%
Drax
79%
Bradley Cooper
71%
Dave Bautista
66%
Zoe Saldana
66%

Score Distribution

Percentile by Number Answered

Percent of People with Each Score

Your Score History

You have not taken this quiz since the last reset